All Incorporated Municipalities of Suffolk County, New York - Statistics

General Stats
  • This quiz has been taken 14 times
  • The average score is 19 of 42
Answer Stats
Answer % Correct
East Hampton
91%
East Hampton
91%
Southampton
91%
Southampton
91%
Brookhaven
82%
Port Jefferson
82%
Riverhead
82%
Smithtown
82%
Islip
73%
Babylon
64%
Babylon
64%
Huntington
64%
Southold
64%
Sag Harbor
55%
Greenport
45%
Shelter Island
45%
Islandia
36%
Northport
36%
Patchogue
36%
Sagaponack
36%
Village of the Branch
36%
Amityville
27%
Asharoken
27%
Belle Terre
27%
Bellport
27%
Dering Harbor
27%
Head of the Harbor
27%
Lake Grove
27%
Lindenhurst
27%
Lloyd Harbor
27%
North Haven
27%
Ocean Beach
27%
Old Field
27%
Poquott
27%
Quogue
27%
Westhampton Beach
27%
West Hampton Dunes
27%
Brightwaters
18%
Huntington Bay
18%
Nissequogue
18%
Saltaire
18%
Shoreham
18%
No matching quizzes found
Score Distribution
Percent of People with Each Score
Percentile by Number Answered
Your Score History
You have not taken this quiz